000 00634nam a2200253Ia 4500
003 OSt
005 20221006160647.0
006 a|||||r|||| 00| 0
007 ta
008 221006b |||||||| |||| 00| 0 kor d
020 _a8809226723852
024 _a45,965
037 _bGift, KCC (Window on Korea)
_cAudio
040 _aEASL
_cEASL
_bkor
041 _2kor
_akor
082 _aCD00379
245 0 _aEBS Kyoyukbangsong Tayo Singsing Gukjang
260 _c2014
300 _ap.
_ccm.
490 _v KCD
650 _aCD
942 _hCD00379
_cAUD
_2CC
999 _c1114057
_d1114057